Star Academy 2024 - Candidats - Statistiques

Statistiques générales
  • Ce quiz a été pris 86 fois
  • Le résultat moyen est 12 sur 15
Statistiques - réponses
Hint Réponse % Correct
1er(e) Marine
99%
2e Ebony
97%
3e/4e Charles
93%
3e/4e Franck
89%
11e Emma
87%
6e Marguerite
85%
5e Ulysse
85%
12e Noah
80%
10e Masseo
77%
9e Julie
76%
13e Thomas
75%
7e Maïa
73%
14e Paul
72%
8e Maureen
70%
15e Maylis
68%
Aucun quiz correspondant
Distribution des résultats
% des personnes avec chaque résultat
Percentile par nombre de réponses
Votre historique - résultats
Vous n’avez pas pris ce quiz